000
00205nam a22000857a 4500
008
170131b xxu||||| |||| 00| 0 eng d
100
_9
2712
_a
Macaw Books
245
_a
Facts and More Wild Animals
260
_c
2013
999
_c
5876
_d
5876